Odpowiedź zaczyna się na F - Statystyki

Ogólne statystyki
  • Ten quiz został rozwiązany 106 razy
  • Średni wynik to 10 z 15
Statystyki odpowiedzi
Opis Odpowiedź % Poprawnych
Kraj wyspiarskie w Azji Południowo-Wschodniej, składające się z tysięcy wysp, znane z pięknych plaż, raf koralowych i różnorodnej kultury. Filipiny
88%
Małe drapieżne zwierzę z rodziny łasicowatych, popularne jako zwierzę domowe. Fretka
88%
Ruch społeczny dążący do osiągnięcia równości płci i praw kobiet w społeczeństwie. Feminizm
86%
Kraj wyspiarski na Pacyfiku, słynący z rajskich plaż, turkusowych wód i kultury miejscowych ludów. Fidżi
86%
Pokazy pirotechniczne, które tworzą kolorowe światła i dźwięki na niebie podczas specjalnych okazji. Fajerwerki
84%
Brytyjski wokalista i lider zespołu Queen, znany z charakterystycznego głosu i piosenek takich jak "Bohemian Rhapsody" - imię Freddie
79%
Miasto w Niemczech, znane jako centrum finansowe i kulturalne, oraz za liczne wieżowce. Frankfurt
78%
Kubański rewolucjonista i polityk, przywódca rewolucji kubańskiej i długoletni prezydent Kuby - imię Fidel
73%
Rura używana do palenia tytoniu lub ziół, czasem związana z tradycją i estetyką. Fajka
65%
Zbiór tradycyjnych wierzeń, zwyczajów, opowieści i muzyki przekazywanych w ramach kultury ludowej. Folklor
64%
Impreza kulturalna, artystyczna lub religijna, zwykle odbywająca się w określonym czasie i miejscu. Festiwal
54%
Stan emocjonalny wynikający z niezdolności osiągnięcia pożądanych celów lub zaspokojenia potrzeb. Frustracja
53%
Drzewo lub krzew, popularny jako roślina pokojowa, znany z charakterystycznych liści. Fikus
35%
Szwedzka piosenkarka, znana jako członkini zespołu ABBA - imię Frida
16%
Miasto w Japonii, znane z nowoczesnej architektury, przepięknych ogrodów i kulinarnych specjałów. Fukuoka
11%
Nie znaleziono quizów pasujących do podanych kryteriów
Rozkład punktacji
Procent ludzi z każdym wynikiem
Percentyl według liczby udzielonych odpowiedzi
Twoja historia wyników
Nie rozwiązałeś tego quizu